「前後に1文字をつけてできる駅」が2回できる駅 - Statistics

General Stats
  • This quiz has been taken 75 times
    67 since last reset
  • The average score is 24 of 270
Answer Stats
1文字駅 2文字駅の例 3文字駅
4文字駅
% Correct
広島 東広島
43%
津田 津田沼
41%
大津 新大津
40%
岡山 東岡山
38%
広島 西広島
38%
大津 大津京
36%
広島 北広島
36%
津田 長津田
33%
旭川 新旭川
29%
大岡 大岡山
29%
岡・高 高岡 新高岡
29%
栄町 新栄町
28%
津田 津田山
28%
中津 中津川
28%
福島 新福島
28%
大岡 上大岡
26%
岡崎 東岡崎
26%
岡・静 静岡 新静岡
24%
長田 新長田
24%
桜井 南桜井
24%
田原 小田原
24%
福島 東福島
24%
岡崎 西岡崎
22%
岡・静 静岡 東静岡
22%
岡・高 高岡 西高岡
22%
岡・福 | 福 福岡 上福岡
22%
岡・福 福岡 南福岡
22%
大津 大津港
22%
草津 南草津
22%
福島 南福島
22%
旭川 東旭川
21%
桜木 桜木町
21%
桜台 新桜台
21%
高島 新高島
21%
福山 東福山
21%
長野 北長野
19%
高島 高島平
19%
大津 泉大津
19%
広島 広島駅
19%
福井 新福井
19%
大森 大森町
19%
赤羽 赤羽橋
17%
赤羽 北赤羽
17%
岡崎 北岡崎
17%
下関 新下関
17%
新津田沼
17%
津山 東津山
17%
青森 新青森
17%
赤井 赤井川
16%
岡・長 長岡 北長岡
16%
岡・長 長岡 長岡京
16%
岡・高 高岡 高岡駅
16%
柏崎 東柏崎
16%
金沢 西金沢
16%
高崎 北高崎
16%
西高島平
16%
高田 南高田
16%
津山 津山口
16%
田原 田原町
16%
岡・盛 盛岡 上盛岡
14%
長崎 東長崎
14%
桜町 桜町前
14%
大高 南大高
14%
高崎 南高崎
14%
木津 木津川
14%
中津 中津幡
14%
中津 東中津
14%
原田 河原田
14%
田原 新田原
14%
福井 福井口
14%
花巻 新花巻
14%
青森 東青森
14%
岡田 岡田浦
12%
岡崎 中岡崎
12%
金沢 東金沢
12%
新高島平
12%
滝川 東滝川
12%
木津 西木津
12%
津幡 本津幡
12%
赤・坂 赤坂 赤坂上
10%
赤・坂 赤坂 赤坂田
10%
小泉 西小泉
10%
小泉 東小泉
10%
葛西 西葛西
10%
坂戸 北坂戸
10%
高島 高島町
10%
高田 高田市
10%
高崎 東高崎
10%
大津 大津町
10%
河原 大河原
10%
河原 河原町
10%
田原 田原本
10%
大原 西大原
10%
三原 南三原
10%
福井 福井駅
10%
小牧 苫小牧
10%
赤・坂 赤坂 東赤坂
9%
所沢 東所沢
9%
高野 井高野
9%
高松 島高松
9%
高田 高田橋
9%
高松 高松町
9%
高松 古高松
9%
原町 川原町
9%
田原 田原坂
9%
広島 広島港
9%
池袋 北池袋
9%
池袋 東池袋
9%
淀川 東淀川
9%
赤塚 下赤塚
7%
小泉 小泉町
7%
白岡 新白岡
7%
長瀬 北長瀬
7%
所沢 新所沢
7%
金沢 西所沢
7%
大沢 南大沢
7%
高槻 高槻市
7%
高屋 西高屋
7%
木津川台
7%
草津 草津南
7%
津川 久津川
7%
摂津 摂津市
7%
唐津 西唐津
7%
新津 東新津
7%
摂津 南摂津
7%
小林 西小林
7%
田原 黒田原
7%
河原 中河原
7%
宮原 東宮原
7%
姫路 東姫路
7%
小牧 小牧口
7%
小牧 小牧原
7%
室蘭 東室蘭
7%
大森 大森台
7%
船岡 東船岡
5%
栄町 上栄町
5%
中里 上中里
5%
千里 北千里
5%
千里 千里丘
5%
千里 南千里
5%
花園 東花園
5%
高城 高城町
5%
古高松南
5%
高・原 高原 聖高原
5%
大滝 西大滝
5%
老津 海老津
5%
三津 三津浜
5%
蓮沼 本蓮沼
5%
芦原 芦原町
5%
原市 井原市
5%
原町 片原町
5%
石原 金石原
5%
保原 神保原
5%
西田原本
5%
福間 東福間
5%
福島 福島町
5%
柳井 柳井港
5%
岡崎 岡崎前
3%
藤岡 北藤岡
3%
富岡 西富岡
3%
富岡 東富岡
3%
延岡 南延岡
3%
長井 小長井
3%
長谷 長谷寺
3%
大学 大学前
3%
坂下 坂下町
3%
千里 千里山
3%
新西金沢
3%
米沢 西米沢
3%
米沢 南米沢
3%
公園 公園西
3%
祝園 新祝園
3%
高知 高知橋
3%
高野 高野口
3%
高野 高野下
3%
福島高松
3%
高尾 高尾野
3%
高師 高師浜
3%
高島 波高島
3%
天津 下天津
3%
秋津 新秋津
3%
焼津 西焼津
3%
唐津 東唐津
3%
老津 見老津
3%
芦原 芦原橋
3%
田原 生田原
3%
原町 荏原町
3%
蒲原 新蒲原
3%
河原 湯河原
3%
福島 福島口
3%
柳瀬 柳瀬川
3%
延岡 北延岡
2%
長谷 長谷野
2%
長町 長町南
2%
長井 南長井
2%
長・沢 長沢 東長沢
2%
長・原 長原 東長原
2%
大沢 大沢内
2%
田沢 田沢湖
2%
沢・滝 滝沢 西滝沢
2%
東園 甲東園
2%
公園 芝公園
2%
公園 中公園
2%
公園 南公園
2%
高麗 高麗川
2%
高砂 高砂町
2%
高浜 高浜港
2%
高須 西高須
2%
高須 東高須
2%
石津 石津川
2%
木津 小木津
2%
魚津 新魚津
2%
江津 直江津
2%
魚津 西魚津
2%
石原 石原町
2%
井原 井原里
2%
田原 上田原
2%
吉原 北吉原
2%
原市 花原市
2%
原田 笹原田
2%
水原 清水原
2%
茂原 新茂原
2%
前原 備前原
2%
井原 向井原
2%
河原 横河原
2%
末広 末広町
2%
帯広 西帯広
2%
福生 東福生
2%
水巻 東水巻
2%
根室 東根室
2%
丸森 北丸森
2%
八森 東八森
2%
柳生 柳生橋
2%
中泉 越中泉
0%
五泉 北五泉
0%
真岡 北真岡
0%
富岡 関富岡
0%
富岡 富岡前
0%
長瀞 上長瀞
0%
小串 小串郷
0%
須坂 蒲須坂
0%
須坂 北須坂
0%
清里 清里町
0%
三里 三里木
0%
湯沢 上湯沢
0%
湯沢 下湯沢
0%
祇園 祇園橋
0%
祇園 下祗園
0%
花園 花園町
0%
高岩 北高岩
0%
高野 高野川
0%
瀬高 南瀬高
0%
石津 石津北
0%
古津 古津賀
0%
豊津 新豊津
0%
日原 春日原
0%
保原 上保原
0%
島原 島原港
0%
河原 宿河原
0%
青原 東青原
0%
松原 東松原
0%
吉原 本吉原
0%
松原 舞松原
0%
松原 松原湖
0%
河原 向河原
0%
河原 谷河原
0%
須原 油須原
0%
開聞 東開聞
0%
青柳 青柳町
0%
No matching quizzes found
Score Distribution
Percent of People with Each Score
Percentile by Number Answered
Your Score History
You have not taken this quiz since the last reset